Operatív controlling a MOL Rt. Szegedi Bányászati Üzem tervezés-gazdálkodási rendszerében

Elmentve itt :
Bibliográfiai részletek
Szerző: Szabó Tamás
További közreműködők: Finsztál Károlyné (Témavezető)
Dokumentumtípus: Szakdolgozat
Megjelent: 2000
Tárgyszavak:
Online Access:http://diploma.bibl.u-szeged.hu/36394
LEADER 00595nta a2200157 i 4500
001 dipl36394
005 20130314095906.0
008 120213s2000 hu om 0|| zxx d
040 |a SZTE Diploma Repozitórium  |b hun 
041 |a zxx 
100 1 |a Szabó Tamás 
245 1 0 |a Operatív controlling a MOL Rt. Szegedi Bányászati Üzem tervezés-gazdálkodási rendszerében  |h [elektronikus dokumentum] /  |c Tamás Szabó 
260 |c 2000 
650 4 |a Gazdaságtudományok 
700 1 |a Finsztál Károlyné  |e ths 
856 4 0 |u http://diploma.bibl.u-szeged.hu/id/eprint/36394/1/2000_szabo_tamas.pdf  |z Dokumentum-elérés